000 00680cam a2200253 4500
008 090401t1991 xxu||||| |||| 00| 0 eng d
020 _a1853960853
035 _a(Sirsi) u41327
041 _aeng
050 _a346.41078
100 _aCampbell, Clare
245 _aCorporate insolvency in practice: an analytical approach.
260 _aLondon
_bPaul Chapman Publishing Ltd.
_c1991
300 _av,200p. ; 24cm.
350 _a15.95
650 _aADMINISTRATION
650 _aCOMPANIES
650 _aLIQUIDATION
650 _aRECEIVERSHIP
690 _aPROPERTY-PROPERTY FINANCE AND INVESTMENT
700 _aUnderdown, Brian
942 _n0
948 _c04/03/1997
999 _c90920
_d90920